Helen and teacher : (Record no. 926)

MARC details
000 -LEADER
fixed length control field 00954cam a22003018i 4500
005 - DATE AND TIME OF LATEST TRANSACTION
control field 20260322212039.0
008 - FIXED-LENGTH DATA ELEMENTS--GENERAL INFORMATION
fixed length control field data
010 ## - LIBRARY OF CONGRESS CONTROL NUMBER
LC control number 79025599
020 ## - INTERNATIONAL STANDARD BOOK NUMBER
International Standard Book Number 0440036542
020 ## - INTERNATIONAL STANDARD BOOK NUMBER
International Standard Book Number 9780440036548
040 ## - CATALOGING SOURCE
Modifying agency CStRLIN
-- CStRLIN
050 0# - LIBRARY OF CONGRESS CALL NUMBER
Classification number HV1624.K4
Item number L37
082 ## - DEWEY DECIMAL CLASSIFICATION NUMBER
Classification number B
-- B
099 ## - LOCAL FREE-TEXT CALL NUMBER (OCLC)
Classification number KELLH
001 - CONTROL NUMBER
control field data
100 1# - MAIN ENTRY--PERSONAL NAME
Personal name Lash, Joseph P.,
Dates associated with a name 1909-
245 10 - TITLE STATEMENT
Title Helen and teacher :
Remainder of title the story of Helen Keller and Anne Sullivan Macy /
Statement of responsibility, etc. Joseph P. Lash.
260 0# - PUBLICATION, DISTRIBUTION, ETC.
Place of publication, distribution, etc. New York :
Name of publisher, distributor, etc. Delacorte Press,
Date of publication, distribution, etc. c1980.
300 ## - PHYSICAL DESCRIPTION
Extent xiv, 811 p., [20] leaves of plates :
Other physical details ill. ;
Dimensions 24 cm.
440 #0 - SERIES STATEMENT/ADDED ENTRY--TITLE
Title Radcliffe biography series
500 ## - GENERAL NOTE
General note "A Merloyd Lawrence book."
500 ## - GENERAL NOTE
General note Includes index.
504 ## - BIBLIOGRAPHY, ETC. NOTE
Bibliography, etc. note Bibliography: p. [787]-789.
600 10 - SUBJECT ADDED ENTRY--PERSONAL NAME
Personal name Keller, Helen,
Dates associated with a name 1880-1968.
600 10 - SUBJECT ADDED ENTRY--PERSONAL NAME
Personal name Sullivan, Annie,
Dates associated with a name 1866-1936.
650 #0 - SUBJECT ADDED ENTRY--TOPICAL TERM
Topical term or geographic name entry element Deafblind people
Geographic subdivision United States
Form subdivision Biography.
650 #0 - SUBJECT ADDED ENTRY--TOPICAL TERM
Topical term or geographic name entry element Teachers of the blind-deaf
Geographic subdivision United States
Form subdivision Biography.
Holdings
Withdrawn status Lost status Damaged status Not for loan Home library Current library Shelving location Date acquired Total checkouts Full call number Barcode Date last seen Price effective from Koha item type
        Midway Midway General stacks 22/03/2026   371.91/1/0924 B BC0010957 22/03/2026 22/03/2026 Books